Word Ladder III Quiz Stats

 Plays Quiz not verified by Sporcle

Support Sporcle.
Go Orange.
Score 0/10 Timer 02:00
0 Plays Today
Clue 4-letter word % Correct
Check for this on your old breadMOLD
95.4%
To defeat, or something you can dance toBEAT
94.3%
It floats (hopefully)BOAT
94.3%
They can be for hiking, or rainBOOT
93.7%
Pencils used to use thisLEAD
93.1%
You'll see lots at Mardi GrasBEAD
92.5%
It's a lot more valuable than [first rung]!GOLD, and check out the colors...
89.7%
...and you put them on thisFOOT
88.5%
Happy, sad, etc.MOOD
88.5%
A meaningless point, for exampleMOOT
87.4%

You're not logged in!

Compare scores with friends on all Sporcle quizzes.
OR
Log In

From the Vault

5 Geography Fivesomes

by timschurz

If we have five fivesomes, does that mean we have a twentyfivesome all together?
Remove Ads.
Support Sporcle.
Get the best of Sporcle when you Go Orange. This ad-free experience offers more features, more stats, and more fun while also helping to support Sporcle. Thank you for becoming a member.

Show Comments

Extras

Top Quizzes Today


Score Distribution

Your Account Isn't Verified!

In order to create a playlist on Sporcle, you need to verify the email address you used during registration. Go to your Sporcle Settings to finish the process.

Report this User

Report this user for behavior that violates our Community Guidelines.

Details: